=LDR 00000nam 2200000 4500 =001 INLIS000000000053927 =005 20190416103515 =035 ##$$a 0010-0419000016 =007 ta =008 190416###########################0###### =020 ##$$a 978-979-078-427-7 =082 ##$$a 297.98 =084 ##$$a 297.98 SAH i =100 #$$a Sahrul Mauludi =245 1#$$a Ibn Khaldun : $b Perintis kajian ilmu sosial modern /$c Sahrul Mauludi =250 ##$$a Cet 1 =260 ##$$a Jakarta :$b Dian Rakyat,$c 2012 =300 ##$$a vi, 128 hlm ; $c 21 Cm. =650 ##$$a Biografi islam =504 ##$$a Bibliografi: hlm. 123-128 =990 ##$$a 07630763 =990 ##$$a 31900104